00465 2200169 4500245004900000020002200049250001100071700002000082700001800102650002100120005001900141260007600160041001400236084001000250300002600260336000900286 aJamuan Makan IstimewacAudelia agustinhText a978-602-437-726-7 aCet. 1 aAudelia agustin aKity Karenisa aCerita Bergambar a20240926111046 aJakartabKementerian Pendidikan, Kebudayaan, Riset, dan Teknologic2019 aIndonesia a741.5 a28 halaman :c29,7 cm atext